The EU Ecolabel as a Tool for Environmental Sustainability

Hlavným cieľom práce je preskúmať význam a funkciu environmentálnej značky EÚ pri podpore environmentálnej udržateľnosti a jej úlohu v rámci regulačných opatrení Európskej únie.

Saved in:
Bibliographic Details
Main Author: Richnák, Patrik, 1988-
Format: Book Chapter
Language:English
Subjects:
Tags: Add Tag
No Tags, Be the first to tag this record!

MARC

LEADER 00000naa$a2200000$$$4500
001 0311543
005 20250710102014.1
041 0 |a eng 
044 |a CZ 
245 1 0 |a The EU Ecolabel as a Tool for Environmental Sustainability  |c Patrik Richnák 
520 |a Hlavným cieľom práce je preskúmať význam a funkciu environmentálnej značky EÚ pri podpore environmentálnej udržateľnosti a jej úlohu v rámci regulačných opatrení Európskej únie. 
610 2 0 |a označovanie tovarov 
610 2 0 |a značky environmentálne 
610 2 0 |a certifikácia 
610 2 0 |a udržateľnosť 
610 2 0 |a regulácia 
100 1 |a Richnák, Patrik, 1988-